Francisco Boix, el fotógrafo de Mauthausen / Benito Bermejo ; fotografías de Francisco Boix y de los archivos capturados a los SS de Mauthausen
ISBN:
84-226-9316-x
Descripción Física:
255 p. : fot. ; 27 cm
Otros Autores:
Boix, Francesc, 1920-1951
MARC
| LEADER | 00000nam a2200000Ia 4500 | ||
|---|---|---|---|
| 001 | 20900 | ||
| 008 | 160829s2002 xx 000 0 cat d | ||
| 020 | |a 84-226-9316-x | ||
| 080 | |a H-3-70 | ||
| 100 | |a Bermejo, Benito |9 41250 | ||
| 245 | |a Francisco Boix, el fotógrafo de Mauthausen / Benito Bermejo ; fotografías de Francisco Boix y de los archivos capturados a los SS de Mauthausen | ||
| 260 | |a Barcelona : |b Círculo de Lectores : |b RBA Libros, |c 2002 | ||
| 300 | |a 255 p. : |b fot. ; |c 27 cm | ||
| 650 | |a Mauthausen (Àustria : Camp de concentració) |x Fotografies |9 41251 | ||
| 700 | 1 | |a Boix, Francesc, |d 1920-1951 |e fotografies |9 41252 | |
| 901 | |a Arxiu | ||
| 942 | |n 1 |2 udc | ||
| 952 | |0 0 |1 0 |4 0 |6 H370 |7 1 |9 50111 |a Arxiu |b Arxiu |d 2016-12-01 |l 0 |o H-3-70 |p 20900 |r 2016-12-01 00:00:00 |w 2016-12-01 |y ARXIU | ||
| 999 | |c 53953 |d 53953 | ||